000 00547nam a22001937a 4500
005 20251108172442.0
008 250721s9999 xx 000 0 ara d
082 1 4 _a818.03غيط
100 1 _aغيطاني، جمال
245 1 0 _aحمام الحمى يوميات الحج /
264 1 _aالقاهرة :
_bنهضة مصر،
300 _a336ص
490 0 _aيوميات المعلنة;3
650 1 7 _aالأدب العربي
650 1 7 _aالمذكرات الأدبية
650 1 7 _aالحج
942 _2ddc
_cBK
999 _c79690
_d79690